| 000 | 00398nam a2200157Ia 4500 | ||
|---|---|---|---|
| 005 | 20250423101451.0 | ||
| 008 | 250422s9999 xx 000 0 und d | ||
| 020 | _a0- 87014- 208- 9 | ||
| 050 | _aHF 5619.70 .T4/ | ||
| 100 | _aRaymond Vernon | ||
| 245 | 4 | _aThe technology factor in international trade | |
| 260 | _bColumbia university press | ||
| 260 | _c1970 | ||
| 300 | _a493 p | ||
| 942 | _cBK | ||
| 999 |
_c36375 _d36375 |
||